000 02165nam a22002177a 4500
005 20260209140302.0
008 260129b ||||| |||| 00| 0 eng d
040 _cSSBUL
041 _aEnglish
082 _223
_bT-55 Ph.D.
100 0 _aChaw Ei Ei Aung.
_b4 Ph.D-Hist-4
_965838
245 1 0 _aAdministration of Justice in Colonial Period (1885-1948) /
_cChaw Ei Ei Aung.
260 _aMandalay :
_bUniversity of Mandalay,
_c2007.
300 _axxix ,199 pages.
_bIncludes tables and photographs.
_c29 cm.
502 _aThis disseration ,on the title of "Administration of Justice in Colonial Period (1885-1948)",is written in four chapters:(1) Background History of Ancient Myanmar Legal System,(2)Organization of Courts at Various Levels,(3)Civil CAses and Criminal Cases and (4)Judiciary of Provinces and Hill Tracts.Chapter one deals with ancient Myanmar legal system during the period of Myanmar Kings up to Konbaung dynasty,as far as the sources are avaliable.Chapter two discusses the situations in recent British occupation,resulting in the change of administrative form consequently legal system(usually arbitration)into British legal system (formal litigation).The Courts at various levels established by the British and its legal system are discussed.Chapter thrree deals with the nature of criminal and civil cases and colonial period are discussed.In Chapter four,the subjects discussed are administration of justice specifically prescribed for States and Hill Tracts and traditional customs in comparison with respective state.In addition Chapter four also consists of juvenile trials and the nature of prisons.
_bPh.D.
_cUniversity of Mandalay.
_dMay,2007.
504 _aIncludes bibliography.
505 _aContents Introduction Chapters 1.Background History of Ancient Myanmar Legal System 2.Organization of the Courts at Various Level 3.Civil Cases and Criminal Cases 4.Judiciary of the Hill Tracts and Provinces
_rChaw Ei Ei Aung.
_tAdministration of Justice in Colonial Period (1885-1948).
650 _aJustice
_y(1885-1948).
_zMyanmar
_965839
_xHistory
650 _aAdministration
_y(1885-1948).
_zMyanmar
_xHistory
_966127
942 _2ddc
_cREF
999 _c47355
_d47355